Saans Ki Bemarian aur Elaj-e-nabwi (5) (Record no. 325426)

000 -LEADER
fixed length control field 00334 a2200133 4500
001 - CONTROL NUMBER
control field 90353
003 - CONTROL NUMBER IDENTIFIER
control field NUST
005 - DATE AND TIME OF LATEST TRANSACTION
control field 20180120152715.0
008 - FIXED-LENGTH DATA ELEMENTS--GENERAL INFORMATION
fixed length control field 180120b xxu||||| |||| 00| 0 eng d
082 ## - DEWEY DECIMAL CLASSIFICATION NUMBER
Classification number 615.321 KHA
100 ## - MAIN ENTRY--PERSONAL NAME
Personal name Khalid Ghaznavi
9 (RLIN) 9278
245 ## - TITLE STATEMENT
Title Saans Ki Bemarian aur Elaj-e-nabwi (5)
Medium (5) Urdu
260 ## - PUBLICATION, DISTRIBUTION, ETC.
Place of publication, distribution, etc. Lahore
Name of publisher, distributor, etc. Al-Faisal
Date of publication, distribution, etc. 2013
300 ## - PHYSICAL DESCRIPTION
Extent 384p.
500 ## - GENERAL NOTE
General note General Books
942 ## - ADDED ENTRY ELEMENTS (KOHA)
Institution code [OBSOLETE] CAENUST
Call number prefix 615.321 KHA
Koha item type Book
Source of classification or shelving scheme
Holdings
Withdrawn status Lost status Damaged status Not for loan Collection code Permanent Location Current Location Date acquired Total Checkouts Full call number Barcode Date last seen Price effective from Koha item type
          College of Aeronautical Engineering (CAE) College of Aeronautical Engineering (CAE) 04/03/2017   615.321 KHA CAE86265 04/05/2017 04/05/2017 Book
          College of Aeronautical Engineering (CAE) College of Aeronautical Engineering (CAE) 04/03/2017   615.321 KHA CAE88637 04/05/2017 04/05/2017 Book
© 2023 Central Library, National University of Sciences and Technology. All Rights Reserved.